000 00593ntaaa2200205 4500
003 01
005 20251027202408.0
008 0714s1973 ag 01
040 _aAR-BaBN
_bspa
_cAR-BaBN
_eaacr
_dRIC
082 _a284.1000 Ig4
100 _aIglesia Evangélica Luterana Unida
_922663
245 _aMensajes Luteranos
250 _a1 ed.
260 _aBuenos Aires :
_bIglesia Evangélica Luterana Unida,
_cc1952
300 _a86 p
500 _aRealizada en Curitiba, Brasil, 6-9 sept. 1951
650 _aConferencia Luterana Latinoamericana I
_922664
650 _aLuteranos
942 _cBK
999 _c18841
_d18841